[Event "Ptuj op"]
[Site "Ptuj"]
[Date "2015.08.11"]
[Round "9"]
[White "Stevanic, David"]
[Black "Tolic, Mato"]
[Result "0-1"]
[WhiteElo "2021"]
[BlackElo "1889"]
[PlyCount "240"]
[EventDate "2015.08.03"]
[EventType "swiss"]
[EventRounds "9"]
[EventCountry "SLO"]
[SourceTitle "CBM 167 Extra"]
[Source "ChessBase"]
[SourceDate "2015.09.14"]
[SourceVersion "1"]
[SourceVersionDate "2015.09.14"]
[SourceQuality "1"]

1. e4 d6 2. d4 Nf6 3. Nc3 g6 4. g3 Bg7 5. Bg2 0-0 6. Nge2 Nc6 7. Be3 Ng4 8. Bc1 e5 9. d5 Ne7 10. h3 Nf6 11. Be3 h6 12. Qd2 Kh7 13. g4 Ne8 14. Ng3 c6 15. dxc6 bxc6 16. 0-0 Nc7 17. f4 d5 18. exd5 Nexd5 19. Nxd5 Nxd5 20. f5 Ba6 21. Rf2 Qh4 22. Ne4 Rfd8 23. Qc1 Rd7 24. Nc5 Rad8 25. Nxa6 e4 26. c3 Qg3 27. Bd4 gxf5 28. Bxg7 Kxg7 29. gxf5 Ne3 30. Nc5 Rd1+ 31. Qxd1 Rxd1+ 32. Rxd1 Nxd1 33. Re2 e3 34. f6+ Kg6 35. Ne4 Qf4 36. Bh1 Kf5 37. Bg2 h5 38. Bh1 h4 39. Bg2 Qb8 40. b3 Kf4 41. Kf1 Qd8 42. c4 Qd4 43. Re1 Qd3+ 44. Re2 Nc3 45. Nxc3 Qxc3 46. Bxc6 Qxf6 47. Bg2 Kg3+ 48. Kg1 Qa1+ 49. Bf1 f5 50. Rxe3+ Kf4 51. Re2 Qd4+ 52. Kg2 Qg7+ 53. Kh1 Qg3 54. Bg2 Kg5 55. Kg1 Qd3 56. Re1 Qd2 57. Rf1 Qxa2 58. Rf3 Qa1+ 59. Kh2 a5 60. Bh1 Qe5+ 61. Kg1 Qe1+ 62. Kh2 f4 63. Bg2 Kf5 64. Bh1 Ke5 65. Bg2 Qc1 66. Bh1 Kd6 67. Bg2 Kc5 68. Bh1 Kb4 69. Bg2 Ka3 70. Bh1 Kb2 71. Bg2 Kc2 72. c5 Kd2 73. c6 Ke2 74. Bh1 Qc5 75. Bg2 Qe5 76. Bh1 Kd2 77. Bg2 Kc2 78. Kh1 Kb2 79. Kh2 Ka3 80. Kh1 Kb4 81. Kg1 Kb5 82. Kh2 Qf6 83. Kh1 Qd6 84. Rc3 Qe5 85. Rf3 Qa1+ 86. Rf1 Qf6 87. c7 Qc3 88. Rxf4 Qxc7 89. Rf3 Qe5 90. Kg1 Qe1+ 91. Kh2 Kb4 92. Bh1 Ka3 93. Bg2 Kb2 94. Bh1 Kc2 95. Bg2 Kd2 96. Rf5 Kc2 97. Rf3 Qe5+ 98. Kg1 Qc5+ 99. Kh1 Kd2 100. Rf7 Ke2 101. Rf3 Qh5 102. Rc3 Kf2 103. Rc2+ Ke1 104. Rc3 Qg6 105. Rf3 Ke2 106. Rc3 Qf5 107. Kg1 Qf2+ 108. Kh2 Qf4+ 109. Kh1 Qf5 110. Kg1 Qf6 111. Rc6 Qf2+ 112. Kh1 Qe1+ 113. Kh2 Qg3+ 114. Kh1 Qxb3 115. Rh6 Qb1+ 116. Kh2 Qb8+ 117. Kh1 Qf4 118. Ra6 Kf2 119. Ra8 Qc1+ 120. Kh2 Qg1# 0-1

[Event "Ptuj op"]
[Site "Ptuj"]
[Date "2015.08.07"]
[Round "5"]
[White "Tomazini, Aljosa"]
[Black "Tolic, Mato"]
[Result "1-0"]
[WhiteElo "2292"]
[BlackElo "1889"]
[PlyCount "63"]
[EventDate "2015.08.03"]
[EventType "swiss"]
[EventRounds "9"]
[EventCountry "SLO"]
[SourceTitle "CBM 167 Extra"]
[Source "ChessBase"]
[SourceDate "2015.09.14"]
[SourceVersion "1"]
[SourceVersionDate "2015.09.14"]
[SourceQuality "1"]

1. d4 Nf6 2. Nf3 d6 3. c4 g6 4. Nc3 Bg7 5. e4 0-0 6. h3 Na6 7. Bg5 h6 8. Be3 b6 9. Be2 c5 10. d5 Nc7 11. g4 Nfe8 12. Qd2 Kh7 13. Rd1 a6 14. Kf1 b5 15. Kg2 Bd7 16. b3 Rb8 17. Nh2 b4 18. Nb1 e6 19. f4 exd5 20. exd5 Nf6 21. Bd3 Re8 22. Rde1 Ne4 23. Qc2 f5 24. Nd2 Bc3 25. gxf5 gxf5 26. Nxe4 Bxe1 27. Rxe1 Qh4 28. Ng3 Rg8 29. Bxf5+ Bxf5 30. Qxf5+ Rg6 31. Qf7+ Rg7 32. Qxg7+ 1-0

[Event "Ptuj op"]
[Site "Ptuj"]
[Date "2015.08.04"]
[Round "2"]
[White "Tolic, Mato"]
[Black "Vidovic, Bojan"]
[Result "1-0"]
[WhiteElo "1889"]
[BlackElo "1501"]
[PlyCount "93"]
[EventDate "2015.08.03"]
[EventType "swiss"]
[EventRounds "9"]
[EventCountry "SLO"]
[SourceTitle "CBM 167 Extra"]
[Source "ChessBase"]
[SourceDate "2015.09.14"]
[SourceVersion "1"]
[SourceVersionDate "2015.09.14"]
[SourceQuality "1"]

1. e4 e5 2. Nf3 Nc6 3. d4 d6 4. dxe5 Nxe5 5. Nxe5 dxe5 6. Qxd8+ Kxd8 7. Bc4 f6 8. 0-0 Bb4 9. Be3 c6 10. f4 exf4 11. Bxf4 Ne7 12. Bf7 Ng6 13. Bg3 Ke7 14. Bb3 Be6 15. Nc3 Rhd8 16. Rae1 Ne5 17. Rd1 Bxb3 18. axb3 Rxd1 19. Rxd1 Rd8 20. Kf2 Rxd1 21. Nxd1 Bc5+ 22. Ke2 g5 23. h4 h6 24. Bf2 Bxf2 25. Kxf2 Ke6 26. Ne3 b5 27. Nf5 Nf7 28. Ke3 Ke5 29. Ne7 Kd6 30. Nf5+ Ke5 31. g3 a5 32. c4 gxh4 33. gxh4 Nd6 34. cxb5 cxb5 35. Nxh6 Nxe4 36. Nf7+ Kd5 37. h5 Ng3 38. h6 Nf5+ 39. Kd3 Nxh6 40. Nxh6 a4 41. bxa4 bxa4 42. Ng4 f5 43. Ne3+ Kc5 44. Kc3 f4 45. Nd1 Kb5 46. Nf2 Kc5 47. Nd3+ 1-0

[Event "SLO-chT2 East"]
[Site "Brezice Maribor"]
[Date "2012.11.03"]
[Round "8"]
[White "Janzekovic, Klemen Tilen"]
[Black "Tolic, Mato"]
[Result "0-1"]
[WhiteElo "1884"]
[BlackElo "1982"]
[PlyCount "38"]
[EventDate "2012.09.08"]
[EventType "team-tourn"]
[EventRounds "9"]
[EventCountry "SLO"]
[SourceTitle "EXT 2022"]
[Source "ChessBase"]
[SourceDate "2021.10.06"]
[SourceVersion "1"]
[SourceVersionDate "2021.10.06"]
[SourceQuality "1"]

1. e4 d6 2. d4 Nf6 3. Nc3 g6 4. f4 Bg7 5. Nf3 0-0 6. Bd3 c5 7. 0-0 cxd4 8. Nxd4 Qb6 9. Be3 Ng4 10. Nd5 Nxe3 11. Nxb6 Nxd1 12. Nxa8 Bxd4+ 13. Kh1 Nf2+ 14. Rxf2 Bxf2 15. Nc7 e6 16. c3 a6 17. b4 Be3 18. g3 Bd7 19. a4 Rc8 0-1

[Event "Bosnjaci op 17th"]
[Site "Bosnjaci"]
[Date "2012.01.05"]
[Round "4"]
[White "Tolic, Mato"]
[Black "Vukovic, Ivo"]
[Result "0-1"]
[WhiteElo "2005"]
[BlackElo "2238"]
[PlyCount "116"]
[EventDate "2012.01.03"]
[EventType "swiss"]
[EventRounds "9"]
[EventCountry "CRO"]
[SourceTitle "CBM 146 Extra"]
[Source "ChessBase"]
[SourceDate "2012.02.29"]
[SourceVersion "1"]
[SourceVersionDate "2012.02.29"]
[SourceQuality "1"]

1. e4 g6 2. d4 Bg7 3. Be3 c6 4. Qd2 d6 5. Be2 Nd7 6. f3 Ngf6 7. Nh3 e5 8. Nc3 a6 9. Nf2 Qe7 10. 0-0-0 b5 11. g4 Bb7 12. h4 0-0-0 13. a3 Rhe8 14. Na2 exd4 15. Bxd4 c5 16. Be3 Nd5 17. Bg5 f6 18. Bh6 Bxh6 19. Qxh6 N5b6 20. Rhe1 Kb8 21. Nh3 Ne5 22. Nf4 Rf8 23. Nc3 Qf7 24. Kb1 Rfe8 25. Nfd5 Nxd5 26. Nxd5 Rd7 27. a4 Bc6 28. Nb6 Rdd8 29. a5 Kc7 30. Rd2 Nd7 31. Nd5+ Bxd5 32. Rxd5 Ne5 33. Red1 Nc6 34. Qd2 Nb4 35. Qc3 Nxd5 36. Rxd5 Re5 37. Rd1 Qe7 38. Bf1 d5 39. exd5 Rexd5 40. Rxd5 Rxd5 41. Bd3 Qe5 42. Qa3 Qe3 43. Qc3 Qd4 44. Qe1 c4 45. Qg3+ Qe5 46. Qxe5+ Rxe5 47. Be4 f5 48. gxf5 gxf5 49. Ba8 Re1+ 50. Ka2 Rh1 51. Bd5 Rxh4 52. Ka3 Rh2 53. c3 h5 54. Be6 f4 55. b3 cxb3 56. Kxb3 h4 57. c4 bxc4+ 58. Kxc4 h3 0-1

[Event "Graz-ch"]
[Site "Graz"]
[Date "2011.01.16"]
[Round "6"]
[White "Tolic, Mato"]
[Black "Horvath, Reka"]
[Result "1-0"]
[WhiteElo "2027"]
[BlackElo "1976"]
[PlyCount "93"]
[EventDate "2011.01.07"]
[EventType "swiss"]
[EventRounds "7"]
[EventCountry "AUT"]
[SourceTitle "CBM 140 Extra"]
[Source "ChessBase"]
[SourceDate "2011.03.01"]
[SourceVersion "1"]
[SourceVersionDate "2011.03.01"]
[SourceQuality "1"]

1. e4 c5 2. d3 d6 3. Ne2 g6 4. g3 Bg7 5. Bg2 Nc6 6. 0-0 e6 7. Nd2 Nge7 8. f4 0-0 9. Nf3 f5 10. exf5 Nxf5 11. c3 Rb8 12. Ng5 e5 13. Qb3+ Kh8 14. Nf7+ Rxf7 15. Qxf7 exf4 16. Nxf4 Ne5 17. Qb3 b5 18. Be4 c4 19. dxc4 Nxc4 20. a4 Nfe3 21. axb5 Qb6 22. Rf3 d5 23. Bxe3 Nxe3 24. Bd3 Bb7 25. h3 Ng4+ 26. Kh1 Nf2+ 27. Kh2 Nxd3 28. Nxd3 d4 29. Rff1 dxc3 30. bxc3 Qe3 31. Qd1 Be4 32. Nf2 Ba8 33. Qd3 Qb6 34. Rae1 Rc8 35. Qd7 Rg8 36. Re8 Qf6 37. Rxg8+ Kxg8 38. Qe8+ Qf8 39. Qxf8+ Kxf8 40. Ra1 Bxc3 41. Rxa7 Bd5 42. Rxh7 Bd4 43. Rd7 Bxf2 44. Rxd5 Ke7 45. Kg2 Bb6 46. Kf3 Ke6 47. Ke4 1-0

[Event "Sentjur Ipavec Memorial 11th"]
[Site "Sentjur"]
[Date "2010.09.20"]
[Round "6"]
[White "Amon, Jan"]
[Black "Tolic, Mato"]
[Result "0-1"]
[WhiteElo "1500"]
[BlackElo "2072"]
[PlyCount "63"]
[EventDate "2010.09.17"]
[EventType "swiss"]
[EventRounds "9"]
[EventCountry "SLO"]
[SourceTitle "CBM 138 Extra"]
[Source "ChessBase"]
[SourceDate "2010.10.29"]
[SourceVersion "1"]
[SourceVersionDate "2010.10.29"]
[SourceQuality "1"]

1. e4 d6 2. Nf3 g6 3. Nc3 Nf6 4. d4 Bg7 5. Bc4 0-0 6. Bg5 c5 7. d5 Qa5 8. 0-0 a6 9. Qd2 b5 10. Bd3 Bg4 11. Ne1 c4 12. Be2 b4 13. Nd1 Nxe4 14. Qe3 Bxe2 15. Qxe2 Nxg5 16. f4 Bxb2 17. Rb1 Qxa2 18. Rxb2 Qxb2 19. Nxb2 e6 20. fxg5 exd5 21. Qf3 Nd7 22. Qf4 Ne5 23. g3 a5 24. Qd4 a4 25. Nf3 a3 26. Nd1 a2 27. Ne3 Nxf3+ 28. Rxf3 a1Q+ 29. Rf1 Qxd4 30. Kg2 b3 31. cxb3 cxb3 32. Nxd5 0-1

[Event "SLO-chT2 Ost"]
[Site "Slovenia"]
[Date "2010.05.29"]
[Round "1"]
[White "Tolic, Mato"]
[Black "Kajnih, Danilo"]
[Result "1-0"]
[WhiteElo "2072"]
[BlackElo "2189"]
[PlyCount "49"]
[EventDate "2010.05.29"]
[EventType "team-tourn"]
[EventRounds "9"]
[EventCountry "SLO"]
[SourceTitle "EXT 2022"]
[Source "ChessBase"]
[SourceDate "2021.10.06"]
[SourceVersion "1"]
[SourceVersionDate "2021.10.06"]
[SourceQuality "1"]

1. e4 e6 2. d4 g6 3. Be3 Bg7 4. Qd2 Ne7 5. Nc3 0-0 6. h4 f5 7. h5 Nbc6 8. Bh6 Rf7 9. Nf3 Qf8 10. hxg6 Nxg6 11. 0-0-0 fxe4 12. Nxe4 Bxh6 13. Rxh6 Rf4 14. Rxg6+ hxg6 15. Neg5 d5 16. c3 Bd7 17. Bd3 Rf6 18. Rh1 Qd6 19. Nh7 Raf8 20. Nxf8 Qxf8 21. Qg5 Ne7 22. Ne5 Be8 23. Ng4 Rf4 24. Qe5 Rxg4 25. Qh8+ 1-0

[Event "Zagreb op-B"]
[Site "Zagreb"]
[Date "2010.02.28"]
[Round "5"]
[White "Tolic, Mato"]
[Black "Pecnik, Leo"]
[Result "0-1"]
[WhiteElo "2042"]
[BlackElo "2261"]
[PlyCount "94"]
[EventDate "2010.02.25"]
[EventType "swiss"]
[EventRounds "9"]
[EventCountry "CRO"]
[SourceTitle "CBM 135 Extra"]
[Source "ChessBase"]
[SourceDate "2010.05.04"]
[SourceVersion "1"]
[SourceVersionDate "2010.05.04"]
[SourceQuality "1"]

1. Nf3 g6 2. c4 Nf6 3. b3 Bg7 4. Bb2 0-0 5. e3 d6 6. Be2 e5 7. Nc3 Re8 8. d3 c6 9. 0-0 d5 10. Qc2 Bf5 11. e4 dxe4 12. dxe4 Bg4 13. h3 Bxf3 14. Bxf3 Nbd7 15. b4 a5 16. a3 axb4 17. axb4 Qb6 18. Na2 Nf8 19. c5 Qc7 20. Nc1 Rxa1 21. Bxa1 Ne6 22. Rd1 Nd4 23. Bxd4 exd4 24. Ne2 Qe5 25. Rxd4 Ra8 26. Qd1 h5 27. g3 Kh7 28. Bg2 Qe8 29. f4 Ng8 30. e5 f6 31. Rd7 fxe5 32. fxe5 Qxe5 33. Qd4 Ra1+ 34. Kh2 Qxd4 35. Nxd4 Rd1 36. Rxb7 Rxd4 37. Bxc6 Rd2+ 38. Kg1 Kh6 39. Ba4 Bd4+ 40. Kf1 Nf6 41. c6 Ne4 42. c7 Rf2+ 43. Ke1 Bc3+ 44. Kd1 Rd2+ 45. Ke1 Rb2+ 46. Kf1 Nxg3+ 47. Kg1 Bd4# 0-1

[Event "Zagreb op-B"]
[Site "Zagreb"]
[Date "2010.02.27"]
[Round "3"]
[White "Tolic, Mato"]
[Black "Rubil, Marko"]
[Result "0-1"]
[WhiteElo "2042"]
[BlackElo "2123"]
[PlyCount "76"]
[EventDate "2010.02.25"]
[EventType "swiss"]
[EventRounds "9"]
[EventCountry "CRO"]
[SourceTitle "CBM 135 Extra"]
[Source "ChessBase"]
[SourceDate "2010.05.04"]
[SourceVersion "1"]
[SourceVersionDate "2010.05.04"]
[SourceQuality "1"]

1. Nf3 d5 2. b3 c5 3. e3 a6 4. Be2 Nc6 5. Bb2 d4 6. 0-0 e5 7. exd4 exd4 8. Re1 Be7 9. Bd3 Nf6 10. c3 0-0 11. Na3 b5 12. Rc1 Bb7 13. Nc2 dxc3 14. dxc3 Qc7 15. Ne3 Rad8 16. Qe2 Rfe8 17. Bb1 Nh5 18. Qc2 g6 19. h3 Nf4 20. Rcd1 Bf6 21. Rxd8 Nxd8 22. Ng4 Rxe1+ 23. Nxe1 Bg7 24. c4 f5 25. Bxg7 Qxg7 26. Ne3 Nde6 27. cxb5 axb5 28. a4 Qa1 29. Qd1 Nd4 30. axb5 Nfe2+ 31. Kf1 Nc3 32. N1c2 Qxb1 33. Qxb1 Nxb1 34. Nxd4 cxd4 35. Nc4 d3 36. Ke1 Bxg2 37. Ne5 d2+ 38. Kd1 Bd5 0-1

[Event "Graz-ch"]
[Site "Graz"]
[Date "2010.01.09"]
[Round "2"]
[White "Horvath, Reka"]
[Black "Tolic, Mato"]
[Result "0-1"]
[WhiteElo "1971"]
[BlackElo "2042"]
[PlyCount "80"]
[EventDate "2010.01.08"]
[EventType "swiss"]
[EventRounds "7"]
[EventCountry "AUT"]
[SourceTitle "CBM 134 Extra"]
[Source "ChessBase"]
[SourceDate "2010.03.03"]
[SourceVersion "1"]
[SourceVersionDate "2010.03.03"]
[SourceQuality "1"]

1. Nf3 d6 2. d4 c6 3. e4 Nd7 4. Nc3 g6 5. Bc4 e6 6. Bf4 Nb6 7. Bb3 Bg7 8. Qd2 Ne7 9. Bh6 0-0 10. Bxg7 Kxg7 11. h4 h6 12. Rh3 Kh7 13. 0-0-0 a5 14. Ng5+ Kg7 15. h5 Ng8 16. Nxf7 Rxf7 17. hxg6 Rf6 18. e5 Rxg6 19. a4 dxe5 20. Ne4 Qxd4 21. Qe2 Qb4 22. Rdd3 Nd5 23. Rhg3 Nge7 24. c3 Nf4 25. Qf3 Qxb3 26. Rxg6+ Nexg6 27. Rd8 Qb6 28. Qd1 Qc7 29. g3 Nd5 30. Rd6 Bd7 31. c4 Rf8 32. cxd5 cxd5+ 33. Kb1 Rf7 34. f4 dxe4 35. fxe5 e3 36. Qd3 Nxe5 37. Qd4 Rf1+ 38. Ka2 Qc4+ 39. Qxc4 Nxc4 40. Rxd7+ Kf6 0-1

[Event "SLO-chT2 Ost"]
[Site "Maribor"]
[Date "2009.10.10"]
[Round "7"]
[White "Krstic, Ljubisa"]
[Black "Tolic, Mato"]
[Result "1-0"]
[WhiteElo "1941"]
[BlackElo "2050"]
[PlyCount "59"]
[EventDate "2009.05.30"]
[EventType "team-tourn"]
[EventRounds "9"]
[EventCountry "SLO"]
[SourceTitle "EXT 2022"]
[Source "ChessBase"]
[SourceDate "2021.10.06"]
[SourceVersion "1"]
[SourceVersionDate "2021.10.06"]
[SourceQuality "1"]

1. f4 c5 2. Nf3 Nc6 3. g3 g6 4. Bg2 Bg7 5. 0-0 d5 6. d3 Nf6 7. c3 0-0 8. Qe1 b6 9. e4 dxe4 10. dxe4 Qd3 11. e5 Ng4 12. Ng5 Qd7 13. Qe2 Rd8 14. e6 fxe6 15. Qxg4 h6 16. Qxe6+ Qxe6 17. Nxe6 Bxe6 18. Bxc6 Rac8 19. Be4 Bc4 20. Re1 Kf7 21. Nd2 Ba6 22. Nf3 b5 23. Ne5+ Kg8 24. Nxg6 Bf6 25. Ne5 b4 26. cxb4 cxb4 27. Be3 Rc7 28. Rac1 Bxe5 29. fxe5 Rcd7 30. Bxh6 1-0

[Event "SLO-chT2 Ost"]
[Site "Maribor"]
[Date "2009.09.05"]
[Round "5"]
[White "Tolic, Mato"]
[Black "Benko, Bostjan"]
[Result "1-0"]
[WhiteElo "2050"]
[BlackElo "1989"]
[PlyCount "103"]
[EventDate "2009.05.30"]
[EventType "team-tourn"]
[EventRounds "9"]
[EventCountry "SLO"]
[SourceTitle "EXT 2022"]
[Source "ChessBase"]
[SourceDate "2021.10.06"]
[SourceVersion "1"]
[SourceVersionDate "2021.10.06"]
[SourceQuality "1"]

1. e4 e5 2. Nf3 d6 3. Bc4 Be7 4. d4 exd4 5. Qxd4 Nf6 6. Bg5 Nc6 7. Qe3 Ng4 8. Bxe7 Nxe3 9. Bxd8 Nxc4 10. b3 Kxd8 11. bxc4 Be6 12. Nfd2 Re8 13. Na3 f5 14. 0-0-0 b6 15. Rhe1 Na5 16. e5 Kd7 17. f4 Kc6 18. Nf3 dxe5 19. Rxe5 Bxc4 20. Rxa5 bxa5 21. Nxc4 Kb5 22. Nce5 Rad8 23. Nd4+ Ka4 24. Nec6 Rd5 25. Rd3 Re4 26. Kb2 Rb5+ 27. Nxb5 Kxb5 28. Nd4+ Kb6 29. Rb3+ Kc5 30. Nxf5 g6 31. Rc3+ Kb6 32. Ne3 c6 33. g3 a4 34. Nc4+ Kc7 35. Ne5 Rb4+ 36. Ka3 Rb6 37. Kxa4 Ra6+ 38. Kb3 Rb6+ 39. Kc4 Kd6 40. Rd3+ Ke6 41. Rd7 Ra6 42. Kb3 Rb6+ 43. Kc3 Ra6 44. Kb2 g5 45. Rxh7 gxf4 46. gxf4 Kf5 47. Rf7+ Ke4 48. h4 Rb6+ 49. Kc3 Ra6 50. h5 c5 51. Nd3 Rh6 52. Re7+ 1-0